| 000 | 00419nam a2200157 a 4500 | ||
|---|---|---|---|
| 005 | 20140310183322.0 | ||
| 008 | 060302s19uu xx 00 eng d | ||
| 020 | _a0446613266 | ||
| 050 |
_aPS 3566.A822 _b.P317 2003 |
||
| 100 | _aPatterson, James | ||
| 245 |
_aFour blind mice / _cJames Patterson. |
||
| 260 |
_aNew York : _bWarner Books, _c2003. |
||
| 300 |
_a404 p. : _c17 cm. |
||
| 942 |
_cBK _2lcc |
||
| 999 |
_c21431 _d21431 |
||